[Event "Avoine op 20th"]
[Site "Avoine"]
[Date "2005.07.26"]
[Round "4"]
[White "Le Goff, Francois Xavier"]
[Black "Guinovart, Jose"]
[Result "1-0"]
[WhiteElo "2050"]
[BlackElo "1944"]
[PlyCount "35"]
[EventDate "2005.07.23"]
[EventType "swiss"]
[EventRounds "9"]
[EventCountry "FRA"]
[SourceTitle "EXT 2007"]
[Source "ChessBase"]
[SourceDate "2006.11.23"]
[SourceVersion "1"]
[SourceVersionDate "2006.11.23"]
[SourceQuality "1"]

1. e4 d5 2. d4 dxe4 3. Nc3 Nf6 4. f3 e3 5. Bxe3 e6 6. Bd3 Bb4 7. Nge2 Nd5 8. Qd2 Nc6 9. 0-0-0 0-0 10. h4 e5 11. dxe5 Be6 12. Bxh7+ Kh8 13. Bg5 Nxc3 14. Qe3 Nxd1 15. Rxd1 Qe8 16. Bf6 Be7 17. Qh6 Bxf6 18. Qh5 1-0

[Event "FRA-ch U16"]
[Site "Le Grand Bornand"]
[Date "2003.??.??"]
[Round "3.4"]
[White "Platel, Alexandre"]
[Black "Le Goff, Francois Xavier"]
[Result "1/2-1/2"]
[WhiteElo "2136"]
[BlackElo "1982"]
[PlyCount "65"]
[EventDate "2003.??.??"]
[EventType "swiss"]
[EventRounds "9"]
[EventCountry "FRA"]
[SourceTitle "EXT 2004"]
[Source "ChessBase"]
[SourceDate "2003.11.25"]
[SourceVersion "1"]
[SourceVersionDate "2003.11.25"]
[SourceQuality "1"]

1. e4 c5 2. Nc3 e6 3. g3 d5 4. Bg2 Nf6 5. d3 Be7 6. f4 Nc6 7. Bd2 b6 8. g4 d4 9. e5 Bb7 10. exf6 dxc3 11. fxe7 cxd2+ 12. Qxd2 Qxe7 13. Nf3 Nd4 14. Nxd4 cxd4 15. 0-0 0-0 16. Rae1 Bxg2 17. Kxg2 Rac8 18. Re4 Qc5 19. Rc1 Qd5 20. Kg3 Qxa2 21. Qb4 Rfd8 22. Rxd4 Rxd4 23. Qxd4 Qa5 24. c3 Qc5 25. Qxc5 Rxc5 26. Kf3 Kf8 27. Ke4 Ke7 28. b4 Rc8 29. c4 Kd6 30. Ra1 Rc7 31. h4 Rd7 32. h5 f6 33. d4 1/2-1/2

[Event "FRA-ch U14"]
[Site "Hyeres"]
[Date "2002.??.??"]
[Round "6.4"]
[White "Le Goff, Francois Xavier"]
[Black "Ricbour, Jeremy"]
[Result "0-1"]
[WhiteElo "1980"]
[BlackElo "2047"]
[PlyCount "118"]
[EventDate "2002.04.05"]
[EventType "swiss"]
[EventRounds "9"]
[EventCountry "FRA"]
[SourceTitle "EXT 2003"]
[Source "ChessBase"]
[SourceDate "2002.11.25"]
[SourceVersion "1"]
[SourceVersionDate "2002.11.25"]
[SourceQuality "1"]

1. e4 c5 2. Nf3 d6 3. d4 cxd4 4. Nxd4 Nf6 5. Nc3 a6 6. Be2 e6 7. 0-0 Be7 8. Be3 0-0 9. a4 b6 10. f4 Bb7 11. Bf3 Qc7 12. f5 e5 13. Nb3 Nbd7 14. g4 Kh8 15. g5 Ne8 16. Qe1 Rg8 17. Qg3 Nf8 18. Qh3 Bd8 19. Kh1 Bc6 20. Rg1 g6 21. f6 Qb7 22. Rg3 Rc8 23. Rag1 Bd7 24. Bg4 Rxc3 25. bxc3 Qxe4+ 26. R1g2 Bxa4 27. Bg1 Qb7 28. Re3 Bc6 29. Bf3 Nc7 30. Rg4 Nce6 31. Bxc6 Qxc6+ 32. Qf3 Qxf3+ 33. Rxf3 Nf4 34. Rf1 N8e6 35. Rd1 Bc7 36. Nd2 d5 37. Nf3 b5 38. Be3 Rd8 39. Ne1 Ne2 40. Bd2 e4 41. Rg2 N2f4 42. Bxf4 Bxf4 43. h4 Be5 44. Re2 Bxc3 45. Ng2 Nc5 46. Nf4 d4 47. Re3 Rd7 48. Rh3 e3 49. Ne2 Bd2 50. Kg1 a5 51. Rf3 Ne6 52. Kf1 Rc7 53. Rb1 b4 54. Ra1 Ra7 55. Ng3 Nc5 56. Ke2 a4 57. Rf4 Bc3 58. Rb1 Ne6 59. Re4 a3 0-1